000 01011nam a2200337 4500
001 165973
003 DO-SdBPM
005 20250410110811.0
007 165973
008 851001s1980 sp a 000 spa
017 _b
020 _a8422659085
035 _a
040 _aDO-SdBPM
_bspa
_cBPMSU
_e
041 1 _aspa
_h
080 0 _a
082 4 _a833.91
_bL797n 1996
_222
100 1 _aLobe, Mira
_d1913-
245 1 3 _aLa nariz de Moritz /
_cMira Lobe ; traducción Manuel Olasagasti
_h
260 _aMadrid :
_bCírculo de Lectura
_c1980
300 _a159 p.:
_bil.:
_c22 cm
490 0 _aEl Barco de vapor ;
_aCírculo de lectores
_v
534 _pTítulo original :
_tMoritz Huna Nasenriecher
590 _aInventariado, 2025/VM
650 4 _aCuentos infantiles alemanes
650 4 _aLiteratura infantil alemana
700 1 _aOlasagasti, Manuel
_etraductor
700 1 _aTelle, Antonio
_eilustración
910 _aVMateo V. Control de calidad. BPMSU
942 _2ddc
_cBK
999 _c9663
_d9663